Normal view
MARC view
- رشيد،ناظم تحقيق
Entry Personal Name
001 - CONTROL NUMBER
- control field: 23722
003 - CONTROL NUMBER IDENTIFIER
- control field: JO-AjAnu
005 - DATE AND TIME OF LATEST TRANSACTION
- control field: 20230606074056.0
008 - FIXED-LENGTH DATA ELEMENTS
- fixed length control field: 230606|| aca||aabn | a|a d
040 ## - CATALOGING SOURCE
- Original cataloging agency: JO-AjAnu
- Transcribing agency: JO-AjAnu
100 ## - HEADING--PERSONAL NAME
- Personal name: رشيد،ناظم تحقيق
670 ## - SOURCE DATA FOUND
- Source citation: Work cat.: (JO-AjAnu)12194: رشيد،ناظم تحقيق, author, ديوان شمس الدين الكوفي 623-675 هـ